000 00453nmm a2200169Ia 4500
008 251105s9999||||xx |||||||||||||||||und||
020 _a9788498160239
041 _aspa
100 _aCastelar, Emilio
245 0 _aHistoria del año 1883
264 _a[Madrid, España] :
_bLinkgua,
_c2011
300 _a226 páginas
490 _aHistoria
650 _aHistory of Europe
856 _uhttps://public.digitaliapublishing.com/a/16436
942 _cCF
999 _c90787
_d90787